Najpopularniejsze imiona żeńskie na każdą literę A-Z - Statystyki

Ogólne statystyki
  • Ten quiz został rozwiązany 7 647 razy
  • Średni wynik to 9 z 23
Statystyki odpowiedzi
Pierwsz litera Imię % Poprawnych
A Anna
88%
B Barbara
84%
Ł Łucja
60%
D Danuta
56%
E Ewa
55%
G Grażyna
50%
K Katarzyna
48%
N Natalia
47%
C Czesława
45%
F Franciszka
39%
M Maria
37%
W Wiktoria
37%
O Oliwia
35%
P Paulina
35%
U Urszula
35%
Z Zofia
34%
H Helena
29%
I Irena
24%
R Renata
22%
T Teresa
22%
J Janina
17%
S Stanisława
14%
L Lucyna
11%
Nie znaleziono quizów pasujących do podanych kryteriów
Rozkład punktacji
Procent ludzi z każdym wynikiem
Percentyl według liczby udzielonych odpowiedzi
Twoja historia wyników
Nie rozwiązałeś tego quizu